Rheumatische Arthritis und andere rheumatische Erkrankungen

Saved in:
Bibliographic Details
Main Author: Eich, Wolfgang (Author)
Format: Chapter/Article Conference Paper
Language:German
Published: 2001
In: Psychosomatik am Beginn des 21. Jahrhunderts
Year: 2001, Pages: 377-384
Online Access: Get full text
Author Notes:W. Eich

MARC

LEADER 00000caa a2200000 c 4500
001 1672187613
003 DE-627
005 20220816214545.0
007 tu
008 190827s2001 xx ||||| 00| ||ger c
035 |a (DE-627)1672187613 
035 |a (DE-599)KXP1672187613 
035 |a (OCoLC)1341238630 
040 |a DE-627  |b ger  |c DE-627  |e rda 
041 |a ger 
084 |a 33  |2 sdnb 
100 1 |a Eich, Wolfgang  |d 1953-  |e VerfasserIn  |0 (DE-588)121556336  |0 (DE-627)081385226  |0 (DE-576)292770464  |4 aut 
245 1 0 |a Rheumatische Arthritis und andere rheumatische Erkrankungen  |c W. Eich 
264 1 |c 2001 
300 |a 8 
336 |a Text  |b txt  |2 rdacontent 
337 |a ohne Hilfsmittel zu benutzen  |b n  |2 rdamedia 
338 |a Band  |b nc  |2 rdacarrier 
773 0 8 |i Enthalten in  |t Psychosomatik am Beginn des 21. Jahrhunderts  |b 1. Aufl.  |d Bern : Huber, 2001  |g (2001), Seite 377-384  |h 694 S.  |w (DE-627)327652357  |w (DE-576)091036089  |z 3456834667  |7 nnam  |a Rheumatische Arthritis und andere rheumatische Erkrankungen 
773 1 8 |g year:2001  |g pages:377-384  |g extent:8  |a Rheumatische Arthritis und andere rheumatische Erkrankungen 
951 |a AR 
992 |a 20190827 
993 |a ConferencePaper 
994 |a 2001 
998 |g 121556336  |a Eich, Wolfgang  |m 121556336:Eich, Wolfgang  |d 910000  |d 910100  |e 910000PE121556336  |e 910100PE121556336  |k 0/910000/  |k 1/910000/910100/  |p 1  |x j  |y j 
999 |a KXP-PPN1672187613  |e 3509081145 
BIB |a Y 
JSO |a {"physDesc":[{"extent":"8 S."}],"id":{"eki":["1672187613"]},"person":[{"given":"Wolfgang","role":"aut","family":"Eich","display":"Eich, Wolfgang"}],"recId":"1672187613","origin":[{"dateIssuedDisp":"2001","dateIssuedKey":"2001"}],"title":[{"title_sort":"Rheumatische Arthritis und andere rheumatische Erkrankungen","title":"Rheumatische Arthritis und andere rheumatische Erkrankungen"}],"type":{"bibl":"chapter"},"name":{"displayForm":["W. Eich"]},"relHost":[{"person":[{"given":"Hans-Christian","role":"edt","family":"Deter","display":"Deter, Hans-Christian"}],"id":{"isbn":["3456834667"],"eki":["327652357"]},"physDesc":[{"extent":"694 S.","noteIll":"Ill., graph. Darst."}],"note":["Vorwort: \"Jubiläumstagung des Deutschen Kollegiums für psychosomatische Medizin\" 1999"],"type":{"bibl":"edited-book"},"title":[{"subtitle":"Chancen einer biopsychosozialen Medizin","title_sort":"Psychosomatik am Beginn des 21. Jahrhunderts","title":"Psychosomatik am Beginn des 21. Jahrhunderts"}],"corporate":[{"role":"oth","display":"Deutsches Kollegium für Psychosomatische Medizin"}],"recId":"327652357","part":{"pages":"377-384","year":"2001","extent":"8","text":"(2001), Seite 377-384"},"origin":[{"dateIssuedKey":"2001","editionNo":"1","publisherPlace":"Bern ; Göttingen ; Toronto ; Seattle","publisher":"Huber","edition":"1. Aufl.","dateIssuedDisp":"2001"}],"disp":"Rheumatische Arthritis und andere rheumatische ErkrankungenPsychosomatik am Beginn des 21. Jahrhunderts","name":{"displayForm":["Hans-Christian Deter (Hrsg.)"]},"language":["ger"]}],"language":["ger"]} 
SRT |a EICHWOLFGARHEUMATISC2001